000 00297nam a22001337a 4500
008 170926b xxu||||| |||| 00| 0 eng d
020 _a9780791409220
041 _aeng
080 _a37
100 _a46
101 _aEDU
245 _aTHE ART OF LEARNING
_cROMSLANDD.K.M
942 _2udc
_cBK
999 _c29878
_d29878